| 000 | 00565nam a2200193Ia 4500 | ||
|---|---|---|---|
| 003 | IN-BaIIA | ||
| 008 | 211028s9999 xx 000 0 eng d | ||
| 020 | _a81-7000-245-1 | ||
| 040 | _cIIA Library | ||
| 080 |
_a519.682 _bAMB |
||
| 100 |
_aAmba, S. _922579 |
||
| 245 | 0 |
_aCDS/ISIS _ba primer _cS. Amba and K. S. Raghavan |
|
| 260 |
_aNew Delhi _bEss Ess Publications _c1999 |
||
| 300 | _a173p. | ||
| 650 |
_aCDS/ISIS _922580 |
||
| 650 |
_aSoftware _915972 |
||
| 700 |
_aRaghavan, K. S. _922581 |
||
| 942 | _cBK | ||
| 999 |
_c12874 _d12874 |
||